000
00266 a2200133 4500
001
126872
040
_c
Escola Canadense de Niteroi
090
_a
MP
245
1
0
_a
Mapa polĂtico do Brasil
362
0
_a
2011
650
4
_a
Mapa
650
4
_a
Brasil
942
_c
MATP
999
_c
126872
_d
126872